LEADER 01519nam0-2200445-#-450- 001 990001141530203316 005 20090211120912.0 035 $a000114153 035 $aUSA01000114153 035 $a(ALEPH)000114153USA01 035 $a000114153 100 $a20030410d1970----km-y0enga50------ba 101 0 $aita 102 $aIT 105 $ay|||z|||001yy 200 1 $aCittadini, elezioni, partiti$fStein Rokkan 210 $aBologna$cIl mulino$dcopyr. 1970 215 $a501 p.$d22 cm 225 2 $aCollezione di testi e studi$iScienza politica 410 0$12001$aCollezione di testi e studi Scienza politica$iCollezione di testi e studi Scienza politica 606 0 $aElezioni politiche 606 0 $aPartiti 606 0 $aStato e partiti 676 $a329 700 1$aROKKAN,$bStein$0119943 801 0$aIT$bSalbc$cISBD 912 $a990001141530203316 951 $a329 ROK 1a(IEP X 216)$b165844 L.M.$cIEP X$d00085155 951 $a329 ROK 1(IEP X 216)$b165843 L.M.$cIEP X$d00085160 951 $a329 ROK 1b (IEP X 216)$b165845 L.M.$cIEP X$d00085159 951 $aIEP X 216(non consultabile)$b20947 E.C.$cIEP X$d00099613 951 $aIEP X 216(non consultabile)$b14502 L.M.$cIEP X$d00099618 959 $aBK 969 $aECO 979 $aCHIARA$b90$c20030410$lUSA01$h1223 979 $aPATRY$b90$c20040406$lUSA01$h1719 979 $aRSIAV1$b90$c20090211$lUSA01$h1208 979 $aRSIAV1$b90$c20090211$lUSA01$h1209 996 $aCitizen, elections, parties$929399 997 $aUNISA LEADER 02790nam 2200517Ia 450 001 9910451856103321 005 20151005070701.0 035 $a(CKB)1000000000450717 035 $a(EBL)3377711 035 $a(SSID)ssj0000240592 035 $a(PQKBManifestationID)11174157 035 $a(PQKBTitleCode)TC0000240592 035 $a(PQKBWorkID)10266051 035 $a(PQKB)10440857 035 $a(OCoLC)567836157 035 $a(MiAaPQ)EBC3377711 035 $a(EXLCZ)991000000000450717 100 $a20050323d1995 uy 0 101 0 $aeng 135 $aur|n|---||||| 181 $ctxt 182 $cc 183 $acr 200 10$aSafety of the high-level uranium ore residues at the Niagara Falls storage site, Lewiston, New York$b[electronic resource] /$fCommittee on Remediation of Buried and Tank Wastes, Board on Radioactive Wastes Management, Commission on Geosciences, Environment, and Resources, National Research Council 210 $aWashington, DC $cNational Academy Press$d1995 215 $a1 online resource (83 p.) 300 $aDescription based upon print version of record. 311 $a0-309-58669-0 320 $aIncludes bibliographical references. 327 $a""SAFETY OF THE HIGH-LEVEL URANIUM ORE RESIDUES AT THE NIAGARA FALLS STORAGE SITE, LEWISTON, NEW YORK""; ""Copyright""; ""PREFACE""; ""CONTENTS""; ""EXECUTIVE SUMMARY""; ""CONCLUSIONS""; ""Recommendations""; ""INTRODUCTION""; ""BACKGROUND""; ""HISTORY OF THE NFSS RESIDUES""; ""1986 FINAL ENVIRONMENTAL IMPACT STATEMENT (FEIS)""; ""Alternatives""; ""Radon Release""; ""Transportation""; ""Calculated Risks""; ""Selection of Primary Alternative""; ""GEOLOGY AND HYDROLOGY""; ""CURRENT MAINTENANCE AND MONITORING""; ""LONG-TERM MAINTENANCE AND MONITORING""; ""ADJACENT SITES"" 327 $a""RADIOACTIVE CONTENT OF RESIDUES AT NFSS""""FERNALD RESIDUES""; ""DEFENSE SITE VS NON-DEFENSE SITE""; ""CONCLUSIONS AND DISCUSSION""; ""RECOMMENDATIONS""; ""ABBREVIATIONS""; ""REFERENCES CITED""; ""APPENDIX A: BIBLIOGRAPHY""; ""APPENDIX B: REFERENCE TABLES"" 606 $aUranium ores$xStorage$zNew York (State)$zLewiston 606 $aRadioactive waste disposal$zNew York (State)$zLewiston$xSafety measures 606 $aRadioactive waste disposal$xEnvironmental aspects$zNew York (State)$zLewiston 608 $aElectronic books. 615 0$aUranium ores$xStorage 615 0$aRadioactive waste disposal$xSafety measures. 615 0$aRadioactive waste disposal$xEnvironmental aspects 676 $a621.4838 801 0$bMiAaPQ 801 1$bMiAaPQ 801 2$bMiAaPQ 906 $aBOOK 912 $a9910451856103321 996 $aSafety of the high-level uranium ore residues at the Niagara Falls storage site, Lewiston, New York$92152735 997 $aUNINA